Egypt, subject catalogue.

محفوظ في:

مؤلف مشترك: Dar al-Kutub al-Misriyah.

التنسيق: كتاب

اللغة: English

منشور في: Cairo, Egyptian National Library Press, 1957-

سلاسل: Egyptian National Library publications

الموضوعات:

الوسوم: إضافة وسم

لا توجد وسوم, كن أول من يضع وسما على هذه التسجيلة!

رقم الطلب: Z3651 .C27 1957

LEADER 00906cam a2200241 4500
001 ocm09824337
003 OCoLC
005 20240219200658.0
008 830819m19579999ua b 000 0 eng
010 |a ne 65002369  
050 4 |a Z3651  |b .C27 1957 
110 2 |a Dar al-Kutub al-Misriyah. 
245 1 0 |a Egypt, subject catalogue. 
264 1 |a Cairo,  |b Egyptian National Library Press,  |c 1957- 
300 |a volumes  |c 28 cm. 
336 |a text  |b txt  |2 rdacontent 
337 |a unmediated  |b n  |2 rdamedia 
338 |a volume  |b nc  |2 rdacarrier 
490 1 |a Egyptian National Library publications 
505 0 |a v. 1. General, pure sciences, social sciences, applied sciences, fine arts, geography. -- v. 2. History, archeology & architecture, religion, philosophy, linguistics, literature. -- v. 3. Author index. 
651 0 |a Egypt  |v Bibliography. 
810 2 |a Dar al-Kutub al-Misriyah.  |t Publications. 
999 |c 56852  |d 56852